Mother / (Record no. 130375)
[ view plain ]
| 000 -LEADER | |
|---|---|
| fixed length control field | 00606nam a22002417a 4500 |
| 003 - CONTROL NUMBER IDENTIFIER | |
| control field | 0 |
| 005 - DATE AND TIME OF LATEST TRANSACTION | |
| control field | 20180712163428.0 |
| 008 - FIXED-LENGTH DATA ELEMENTS--GENERAL INFORMATION | |
| fixed length control field | 0 |
| 010 ## - LIBRARY OF CONGRESS CONTROL NUMBER | |
| LC control number | A-997914 |
| 020 ## - INTERNATIONAL STANDARD BOOK NUMBER | |
| Terms of availability | 80.00 |
| International Standard Book Number | 817626055 |
| 035 ## - SYSTEM CONTROL NUMBER | |
| System control number | A-997914, A-997917 |
| 037 ## - SOURCE OF ACQUISITION | |
| Source of stock number/acquisition | Cen Lib/Ret |
| 040 ## - CATALOGING SOURCE | |
| Original cataloging agency | DPL |
| Language of cataloging | EN |
| Transcribing agency | 0 |
| 082 ## - DEWEY DECIMAL CLASSIFICATION NUMBER | |
| Classification number | N |
| Item number | GOR |
| 100 ## - MAIN ENTRY--PERSONAL NAME | |
| Personal name | Gorky, Maxim |
| 9 (RLIN) | 23144 |
| 245 ## - TITLE STATEMENT | |
| Title | Mother / |
| Statement of responsibility, etc | by Maxim Gorky |
| 260 ## - PUBLICATION, DISTRIBUTION, ETC. (IMPRINT) | |
| Place of publication, distribution, etc | Calcutta |
| Name of publisher, distributor, etc | National book agency |
| Date of publication, distribution, etc | 1999 |
| 270 ## - ADDRESS | |
| City | Calcutta |
| Address | 12 Bankim chaerjee street |
| 300 ## - PHYSICAL DESCRIPTION | |
| Extent | 384p. |
| Dimensions | 19cm(Hb) |
| 650 ## - SUBJECT ADDED ENTRY--TOPICAL TERM | |
| Topical term or geographic name as entry element | Lliterature |
| 9 (RLIN) | 29042 |
| 650 ## - SUBJECT ADDED ENTRY--TOPICAL TERM | |
| Topical term or geographic name as entry element | Fiction |
| 9 (RLIN) | 8901 |
| 942 ## - ADDED ENTRY ELEMENTS (KOHA) | |
| Source of classification or shelving scheme | Dewey Decimal Classification |
| Koha item type | English Books |
| Classification part | N |
| Call number suffix | GOR |
| Withdrawn status | Lost status | Damaged status | Not for loan | Home library | Current library | Date acquired | Source of acquisition | Cost, normal purchase price | Total Checkouts | Full call number | Barcode | Date last seen | Copy number | Cost, replacement price | Price effective from | Koha item type | Source of classification or shelving scheme | Collection code |
|---|---|---|---|---|---|---|---|---|---|---|---|---|---|---|---|---|---|---|
| Central Library | Central Library | 09/07/2015 | Cen Lib/Ret | 80.00 | N GOR | A-997914 | 09/07/2015 | 1 | 80.00 | 09/07/2015 | English Books | |||||||
| Patel Nagar | Patel Nagar | 12/07/2018 | BPPD/PUB | 80.00 | N GOR | A-997917 | 12/07/2018 | 80.00 | 12/07/2018 | English Books | Dewey Decimal Classification | Non-fiction |
